Vraní oko /
Detektivní román české autorky, ve kterém se kriminalista Josef Bergman vydává řešit případ vraždy v ptačí rezervaci.
Uloženo v:
| Série: | Josef Bergman,
část 8 |
|---|---|
| Hlavní autor: | |
| Médium: | E-kniha |
| Jazyk: | Czech |
| Vydáno: |
Praha :
Motto,
2023
|
| Vydání: | 1. vydání |
| Témata: | |
| Příbuzné jednotky: | Z cyklu::
Josef Bergman |
| Tagy: |
Žádné tagy |
| LEADER | 02237nam a2200409 i 4500 | ||
|---|---|---|---|
| 001 | 311827 | ||
| 003 | CZ PrSKC | ||
| 005 | 20260601215712.0 | ||
| 007 | ta | ||
| 008 | 230329s2023 xr g 000 f cze | ||
| 015 | |a cnb003508820 | ||
| 020 | |a 9788026724599 |q (vázáno) : |c Kč 429,00 | ||
| 035 | |a (OCoLC)1381702733 | ||
| 040 | |a ABG001 |b cze |e rda | ||
| 072 | 7 | |a 821.162.3-3 |x Česká próza |2 Konspekt | |
| 080 | |a 821.162.3-31 |2 MRF | ||
| 080 | |a (0:82-312.4) |2 MRF | ||
| 100 | 1 | |a Klevisová, Michaela, |d 1976- |7 xx0065727 |4 aut | |
| 245 | 1 | 0 | |a Vraní oko / |c Michaela Klevisová |
| 250 | |a 1. vydání | ||
| 264 | 1 | |a Praha : |b Motto, |c 2023 | |
| 300 | |a 313 stran ; |c 21 cm | ||
| 336 | |a text |b txt |2 rdacontent | ||
| 337 | |a bez média |b n |2 rdamedia | ||
| 338 | |a svazek |b nc |2 rdacarrier | ||
| 520 | 2 | |a Detektivní román české autorky, ve kterém se kriminalista Josef Bergman vydává řešit případ vraždy v ptačí rezervaci. |b Vyšetřování zavede kriminalistu Josefa Bergmana do chatové osady u řeky na jižní Moravě, kde lišky dávají dobrou noc. V okolních mokřadech vzniká nová ptačí rezervace, kterou tam ovšem místní nechtějí. Lidé tak mají spoustu důvodů vzájemně se nenávidět. Bergman musí přijít na to, jak vražda podivínského ornitologa souvisí s nedávnou smrtí pražské profesorky. Pravdu znají snad jen ptáci, kteří nerušeně poletují nad hlavami obětí i podezřelých. Nakladatelská anotace. Kráceno. | |
| 655 | 7 | |a české romány |7 fd133974 |2 czenas | |
| 655 | 7 | |a detektivní romány |7 fd132010 |2 czenas | |
| 655 | 9 | |a Czech fiction |2 eczenas | |
| 655 | 9 | |a detective novels |2 eczenas | |
| 787 | 0 | 8 | |i Z cyklu: |t Josef Bergman |g 8 |
| 900 | |a ABA001 |b 21 | ||
| 928 | 9 | |a Albatros Media - Motto | |
| 044 | |a xr | ||
| 910 | |a RBIT002 | ||
| 998 | |d 367486 |a https://core.palmknihy.cz/api/books/367486/cover?s224zc |b https://core.palmknihy.cz/api/books/367486/cover/400?s224zc |c https://core.palmknihy.cz/api/books/367486/cover/50?s224zc |e 2032-12-31 |g 320 |i 9788026724599 |j https://core.palmknihy.cz/api/books/367486/preview.epub |k https://core.palmknihy.cz/api/books/367486/preview.pdf |l |q 49 |r 1 |s https://www.palmknihy.cz/kniha/367486 |t ebook |y 2023 |z 0 |v Josef Bergman |w 8 | ||
| 999 | |d 311825 | ||